000 00598nmm a2200181Ia 4500
008 251105s9999||||xx |||||||||||||||||und||
041 _aspa
100 _aRodríguez Rodríguez
245 0 _aAnálisis de la frontera Colombia-Venezuela
264 _a[Bogotá, Colombia] :
_bUniversidad del Norte,
_c2018
300 _a130 páginas
650 _aPolitical Science (General)
700 _aRodríguez Rodríguez
700 1 _a Angélica, Puente Pacheco, Mario Alberto de la
700 1 _a Trejos Rosero, Luis Fernando
856 _uhttps://public.digitaliapublishing.com/a/56174
942 _cCF
999 _c70650
_d70650